| 000 | 00000nam##2200000za#4500 |
| 001 | 9.688805 |
| 003 | CaOODSP |
| 005 | 20210624231612 |
| 007 | cr ||||||||||| |
| 008 | 150407|2004||||xxc|||||o f|0| 0 eng|d |
| 040 | |aCaOODSP|beng |
| 043 | |an-cn--- |
| 086 | 1 |aH39-4/43-2004E-PDF |
| 110 | 1 |aCanada. |bHealth Canada. |
| 245 | 10|aReporting of transfusion adverse events in Canada |h[electronic resource] |
| 260 | |aOttawa - Ontario : |bHealth Canada |cc2004. |
| 300 | |a1p.|bfig., illus., map |
| 500 | |aCatalogue number (H39-4/43-2004) and ISBN (0-662-68202-5) for the bilingual print edition have been incorrectly copied in the PDF edition. |
| 590 | |a11-31-Supp|b2011-12-13 |
| 690 | 07|aBlood supply|2gcpds |
| 775 | 08|tDéclaration des événements indésirables liés aux transfusions au Canada |w(CaOODSP)9.633224 |
| 856 | 40|ahttp://publications.gc.ca|qPDF|s566 KB|uhttps://publications.gc.ca/collections/Collection/H39-4-43-2004E.pdf |
| 986 | |aB200_V1.0E (May 2004) |